Llei d'hisendes locals : reglament general de recaptació reglament general de recaptació
Descripción Física:
[53] f. ; 30 cm
MARC
| LEADER | 00000nam a2200000Ia 4500 | ||
|---|---|---|---|
| 001 | 11413 | ||
| 008 | 160829s1995 xx 000 0 cat d | ||
| 080 | |a FU-27-36 | ||
| 100 | |a Espanya. Lleis, etc. |9 23269 | ||
| 245 | |a Llei d'hisendes locals : |b reglament general de recaptació | ||
| 260 | |a Barcelona : |b Diputació de Barcelona, Organisme Autònom Local de Gestió Tributària, |c 1995 | ||
| 300 | |a [53] f. ; |c 30 cm | ||
| 590 | |a Fotocòpia de l'original | ||
| 650 | |a Impostos |x Recaptació |x Espanya |x Reglaments i procediment |9 29223 | ||
| 650 | 0 | |a Dret fiscal |x Legislació |z Espanya |9 32543 | |
| 650 | 0 | |a Finances locals |x Dret i legislació |x Espanya |9 23875 | |
| 710 | 1 | |a Barcelona (Catalunya : Província). |b Organisme Autònom Local de Gestió Tributària |9 53833 | |
| 901 | |a Arxiu | ||
| 942 | |n 1 | ||
| 952 | |0 0 |1 0 |4 0 |6 FU2736 |7 1 |9 46029 |a Arxiu |b Arxiu |d 2016-12-01 |l 0 |o FU-27-36 |p 11413 |r 2016-12-01 00:00:00 |w 2016-12-01 |y ARXIU | ||
| 999 | |c 49530 |d 49530 | ||